000 00739nas a2200229 4500
001 BR6700520
003 BR-BrBNA
005 20231205082240.0
007 ta
008 230509b bl.|||p| |||| 00| 00por d
040 _aBR-BrBNA
_bpor
_cBiblioteca Nacional de Agricultura
041 _a(Pt)
072 _aL73
100 1 _aMotta, J.G. da
245 1 _aAdaptacao do virus da doenca de Newcastle em celulas de origem humana mantidas em culturas continuas [Bahia, Brasil]
650 _aNEWCASTLE
650 _aVIROSE ANIMAL
650 _aBAHIA
773 0 _tBoletim do Instituto Biologico da Bahia (Brazil)
_xISSN 0020-3661
_g(1964-1967), v. 7(1) p. 7-11
_wBR6700520
909 _a202311
_bLúcia
_c55
_dLúcia Elande
942 _2AGRIS
_n0
_cANA
999 _c90288
_d90288